ბათუმის შოთა რუსთაველის სახელმწიფო უნივერსიტეტის ბიბლიოთეკა

Promoting language and literacy in children who are deaf or hard of hearing / (ბიბ.ჩანაწერი № 58075)

000 -LEADER
fixed length control field 01189cam a2200277 i 4500
001 - CONTROL NUMBER
control field 18653440
005 - DATE AND TIME OF LATEST TRANSACTION
control field 20210608135542.0
008 - FIXED-LENGTH DATA ELEMENTS--GENERAL INFORMATION
fixed length control field 150610s2016 mdu b 001 0 eng
020 ## - INTERNATIONAL STANDARD BOOK NUMBER
International Standard Book Number 9781598577334
041 ## - LANGUAGE CODE
Language code of text/sound track or separate title geo
080 ## - UNIVERSAL DECIMAL CLASSIFICATION NUMBER
Universal Decimal Classification number 376.2 P-90
245 00 - TITLE STATEMENT
Title Promoting language and literacy in children who are deaf or hard of hearing /
Statement of responsibility, etc. edited by Mary Pat Moeller, David J. Ertmer and Carol Stoel-Gammon.
264 #1 - PRODUCTION, PUBLICATION, DISTRIBUTION, MANUFACTURE, AND COPYRIGHT NOTICE
Place of production, publication, distribution, manufacture Baltimore :
Name of producer, publisher, distributor, manufacturer Brookes Publishing,
Date of production, publication, distribution, manufacture, or copyright notice 2016.
300 ## - PHYSICAL DESCRIPTION
Extent 432 pages ;
Dimensions 26 cm.
500 ## - GENERAL NOTE
General note + 1 CD
653 ## - INDEX TERM--UNCONTROLLED
keyword Глухие дети
653 ## - INDEX TERM--UNCONTROLLED
keyword ЯЗЫКОВЫЕ ИСКУССТВА И ДИСЦИПЛИНЫ
653 ## - INDEX TERM--UNCONTROLLED
keyword ენის ხელოვნება და დისციპლინები
653 ## - INDEX TERM--UNCONTROLLED
keyword აუდიოლოგია და სიტყვის პათოლოგია
653 ## - INDEX TERM--UNCONTROLLED
keyword Аудиология и патология речи
653 ## - INDEX TERM--UNCONTROLLED
keyword ყრუ ბავშვები
700 1# - ADDED ENTRY--PERSONAL NAME
Personal name Moeller, Mary Pat,
Relator term რედაქტორი
9 (RLIN) 11979
700 1# - ADDED ENTRY--PERSONAL NAME
Personal name Ertmer, David J.,
Relator term რედაქტორი
9 (RLIN) 11980
700 1# - ADDED ENTRY--PERSONAL NAME
Personal name Stoel-Gammon, Carol
Relator term რედაქტორი
9 (RLIN) 11981
942 ## - ADDED ENTRY ELEMENTS (KOHA)
Source of classification or shelving scheme
Koha item type წიგნი
ეგზემპლარები
Withdrawn status Lost status Source of classification or shelving scheme Damaged status Not for loan Permanent Location Current Location Shelving location Date acquired Cost, normal purchase price Full call number Barcode Date last seen Copy number Price effective from Koha item type Public note
          ბათუმის შოთა რუსთაველის სახელმწიფო უნივერსიტეტის მთავარი ბიბლიოთეკა ბათუმის შოთა რუსთაველის სახელმწიფო უნივერსიტეტის მთავარი ბიბლიოთეკა წიგნსაცავი 2021-06-08 284.00 376.2 P-90 61362 2021-06-08 61362 2021-06-08 წიგნი 284 ლ.